Statistics for Bat Family Quiz

Click here to take the quiz!

General Stats

  • This quiz has been taken 13 times
  • The average score is 13 of 18

Answer Stats

ClueAnswer% Correct
Bruce WayneBatman
100%
Dick GraysonNightwing
100%
Jason ToddRed Hood
100%
Damian WayneRobin
100%
The ButlerAlfred Pennyworth
92%
Selina KyleCatwoman
92%
Barbara GordonOracle/Batgirl
92%
Tim DrakeRed Robin
92%
Cassandra CainBlack Bat/Batgirl
75%
Lucas FoxBatwing
67%
Katherine KaneBatwoman
67%
Helena Bertinelli
Huntress
67%
Stephaine BrownSpoiler
67%
Duke ThomasThe Signal
67%
Bette KaneBatgirl
50%
The DogAce the bat-Hound
42%
Jean-Paul ValleyAzrael
42%
The PsychiatristHarley Quinn
33%

Score Distribution

Percentile by Number Answered

Percent of People with Each Score

Your Score History

You have not taken this quiz